| 000 | 00000nam 2200000zi 4500 |
| 001 | 9.947425 |
| 003 | CaOODSP |
| 005 | 20250303103444 |
| 006 | m o d f |
| 007 | cr |n||||||||| |
| 008 | 250127s1950 oncad o f000 0 eng d |
| 040 | |aCaOODSP|beng|erda|cCaOODSP |
| 043 | |an-cn-on |
| 043 | |an-cn-sn |
| 086 | 1 |aA52-289/1950E-PDF |
| 086 | 1 |zA51-69E-PDF |
| 100 | 1 |aStevenson, T. M., |eauthor. |
| 245 | 10|aDivision of Forage Plants, Central Experimental Farm, Ottawa : |bprogress report, 1937-1948 / |cT. M. Stevenson. |
| 264 | 1|aOttawa, Canada : |bMinister of Agriculture, |c[1950] |
| 300 | |a1 online resource (89 pages, 11 unnumbered pages) : |billustrations, chart |
| 336 | |atext|btxt|2rdacontent |
| 337 | |acomputer|bc|2rdamedia |
| 338 | |aonline resource|bcr|2rdacarrier |
| 500 | |aDigitized edition from print [provided by Agriculture and Agri-Food Canada]. |
| 610 | 15|aCanada. |bDivision of Forage Plants. |
| 610 | 15|aCanada. |bService des plantes fourragères. |
| 650 | 0|aForage plants|xBreeding|zCanada. |
| 650 | 6|aPlantes fourragères|xAmélioration|zCanada. |
| 650 | 0|aForage plants|xVarieties|zCanada|xTesting. |
| 650 | 6|aPlantes fourragères|xVariétés|zCanada|xEssais. |
| 710 | 1 |aCanada. |bDivision of Forage Plants, |eissuing body. |
| 710 | 1 |aCanada. |bExperimental Farms Service, |eissuing body. |
| 856 | 40|qPDF|s21.10 MB|uhttps://publications.gc.ca/collections/collection_2024/aac-aafc/A51-69-1937-eng.pdf |